[Event "Titled Tuesday intern op 29th Aug Late"]
[Site "Chess.com INT"]
[Date "2023.08.29"]
[Round "3"]
[White "Gruzman, Ilya"]
[Black "Zhang, Derek"]
[Result "1-0"]
[WhiteElo "2151"]
[BlackElo "2186"]
[PlyCount "89"]
[EventDate "2023.08.29"]
[EventType "swiss (blitz)"]
[EventRounds "11"]
[EventCountry "USA"]
[SourceTitle "EXT 2024"]
[Source "ChessBase"]
[SourceDate "2023.10.10"]
[SourceVersion "1"]
[SourceVersionDate "2023.10.10"]
[SourceQuality "1"]

1. c4 d6 2. Nc3 e5 3. d4 exd4 4. Qxd4 Nc6 5. Qd2 Nf6 6. e4 Be7 7. Nh3 Bxh3 8. gxh3 Ne5 9. Be2 c6 10. f4 Ned7 11. b3 Qb6 12. Bb2 0-0-0 13. Na4 Qc7 14. Qe3 Kb8 15. 0-0-0 Rhe8 16. Bf3 Bf8 17. Kb1 g6 18. Rd4 Bg7 19. Rhd1 Nb6 20. Nxb6 Qxb6 21. Qd3 d5 22. e5 Nd7 23. cxd5 Nc5 24. Qd2 cxd5 25. Rxd5 Rc8 26. Bd4 Bf8 27. Qe3 Qb4 28. Bc3 Qa3 29. Bb2 Qb4 30. a3 Qxb3 31. Qxb3 Nxb3 32. Rd7 Rc7 33. Rd8+ Rc8 34. Rxe8 Rxe8 35. Bd5 Nc5 36. Bxf7 Re7 37. Bc4 Bh6 38. Rd8+ Kc7 39. Rd4 Rd7 40. Rxd7+ Kxd7 41. Bd4 Kc6 42. e6 b6 43. e7 Kd7 44. Bf6 a6 45. Bf7 1-0

[Event "Titled Tuesday intern op 01st Aug Late"]
[Site "Chess.com INT"]
[Date "2023.08.01"]
[Round "3"]
[White "Vifleemskaia, Svetlana"]
[Black "Zhang, Derek"]
[Result "1-0"]
[WhiteElo "1903"]
[BlackElo "2186"]
[PlyCount "107"]
[EventDate "2023.08.01"]
[EventType "swiss (blitz)"]
[EventRounds "11"]
[EventCountry "USA"]
[SourceTitle "EXT 2024"]
[Source "ChessBase"]
[SourceDate "2023.10.10"]
[SourceVersion "1"]
[SourceVersionDate "2023.10.10"]
[SourceQuality "1"]

1. d4 d6 2. c4 e5 3. dxe5 dxe5 4. Qxd8+ Kxd8 5. Nc3 Be6 6. e4 Nd7 7. Be3 c6 8. 0-0-0 Kc7 9. f4 f6 10. Nf3 Bd6 11. g3 Nh6 12. h3 Rhd8 13. Kc2 b6 14. Be2 Ng8 15. f5 Bf7 16. g4 Bc5 17. Bxc5 Nxc5 18. b4 Nb7 19. Rxd8 Rxd8 20. Rd1 Rxd1 21. Nxd1 Nd6 22. Nd2 Ne7 23. a3 Nec8 24. Ne3 Nb7 25. h4 Ncd6 26. g5 a5 27. gxf6 gxf6 28. Kc3 Kd7 29. Ng4 Ke7 30. Nh6 Nd8 31. Kd3 Ne8 32. c5 axb4 33. axb4 bxc5 34. bxc5 Nb7 35. Nxf7 Kxf7 36. Bh5+ Ke7 37. Bxe8 Kxe8 38. Kc4 Kf7 39. Kb4 Kg7 40. Nc4 Kh6 41. Nd6 Nd8 42. Ne8 Kh5 43. Nxf6+ Kxh4 44. Nxh7 Kg4 45. Kc4 Kf4 46. Kd3 Nf7 47. Nf8 Kf3 48. Ng6 Kf2 49. Ne7 Nd8 50. f6 Kf3 51. Nxc6 Ne6 52. Nxe5+ Kf4 53. Nd7 Kg5 54. f7 1-0

[Event "Titled Tuesday intern op 01st Aug Late"]
[Site "Chess.com INT"]
[Date "2023.08.01"]
[Round "4"]
[White "Zhang, Derek"]
[Black "Kanyamarala, Trisha"]
[Result "1-0"]
[WhiteElo "2186"]
[BlackElo "2344"]
[PlyCount "53"]
[EventDate "2023.08.01"]
[EventType "swiss (blitz)"]
[EventRounds "11"]
[EventCountry "USA"]
[SourceTitle "EXT 2024"]
[Source "ChessBase"]
[SourceDate "2023.10.10"]
[SourceVersion "1"]
[SourceVersionDate "2023.10.10"]
[SourceQuality "1"]

1. Nf3 d5 2. c4 d4 3. b4 c5 4. e3 Nc6 5. b5 Nb8 6. exd4 cxd4 7. Bb2 Bg4 8. h3 Bh5 9. g4 Bg6 10. Nxd4 e5 11. Nb3 Nf6 12. Bg2 Qc7 13. 0-0 Be7 14. Re1 Nbd7 15. d4 e4 16. N1d2 0-0 17. Rc1 Bb4 18. a3 Bxd2 19. Nxd2 Nb6 20. Nxe4 Nxe4 21. Bxe4 Bxe4 22. Rxe4 Nxc4 23. Qc2 Rac8 24. d5 Nxb2 25. Qxc7 Rxc7 26. Rxc7 Nd3 27. d6 1-0

[Event "Titled Tuesday intern op 01st Aug Late"]
[Site "Chess.com INT"]
[Date "2023.08.01"]
[Round "7"]
[White "Zhang, Derek"]
[Black "Rees, Ioan"]
[Result "1-0"]
[WhiteElo "2186"]
[BlackElo "2289"]
[PlyCount "147"]
[EventDate "2023.08.01"]
[EventType "swiss (blitz)"]
[EventRounds "11"]
[EventCountry "USA"]
[SourceTitle "EXT 2024"]
[Source "ChessBase"]
[SourceDate "2023.10.10"]
[SourceVersion "1"]
[SourceVersionDate "2023.10.10"]
[SourceQuality "1"]

1. Nf3 Nf6 2. c4 e6 3. e3 d5 4. Nc3 b6 5. b3 Bb7 6. Bb2 Nbd7 7. d4 Bd6 8. Bd3 0-0 9. Nb5 Be7 10. 0-0 a6 11. Nc3 dxc4 12. Bxc4 c5 13. Rc1 Rc8 14. a4 cxd4 15. Nxd4 Nc5 16. Qe2 Nfe4 17. Nxe4 Nxe4 18. Bxa6 Bxa6 19. Qxa6 Nc5 20. Qb5 e5 21. Nc6 Qe8 22. Nxe7+ Qxe7 23. Ba3 Qe6 24. Bxc5 bxc5 25. Rc3 Rb8 26. Qxc5 Rfc8 27. Qa5 Rxc3 28. Qxc3 Rxb3 29. Qc7 h5 30. Ra1 e4 31. a5 Qf6 32. Rd1 Rd3 33. Rf1 Ra3 34. Qc8+ Kh7 35. Qc5 Qc3 36. Qxh5+ Kg8 37. Qd5 Rxa5 38. Qxe4 Re5 39. Qa8+ Kh7 40. h3 Re6 41. Ra1 Re8 42. Qxe8 Qxa1+ 43. Kh2 f6 44. Qe4+ Kg8 45. Kg3 Qa5 46. Qe6+ Kh7 47. Kg4 Qg5+ 48. Kf3 Qh6 49. Qf5+ Kg8 50. g3 Kf8 51. h4 Kg8 52. h5 Kf8 53. Qg6 Qh8 54. g4 Ke7 55. Qe4+ Kf7 56. Qd5+ Ke7 57. Qb7+ Ke6 58. Qc6+ Kf7 59. Qd7+ Kg8 60. Qe8+ Kh7 61. Qxh8+ Kxh8 62. Kf4 Kh7 63. Kf5 Kh6 64. f4 Kh7 65. Ke6 Kh6 66. e4 Kh7 67. Kf7 Kh6 68. e5 fxe5 69. fxe5 Kh7 70. e6 Kh8 71. e7 Kh7 72. e8Q g6 73. hxg6+ Kh6 74. g7 1-0

[Event "Titled Tuesday intern op 18th Jul Late"]
[Site "Chess.com INT"]
[Date "2023.07.18"]
[Round "3"]
[White "Mateos Rozas, Miguel Angel"]
[Black "Zhang, Derek"]
[Result "0-1"]
[WhiteElo "2203"]
[BlackElo "2186"]
[PlyCount "120"]
[EventDate "2023.07.18"]
[EventType "swiss (blitz)"]
[EventRounds "11"]
[EventCountry "USA"]
[SourceTitle "EXT 2024"]
[Source "ChessBase"]
[SourceDate "2023.10.10"]
[SourceVersion "1"]
[SourceVersionDate "2023.10.10"]
[SourceQuality "1"]

1. e4 e6 2. Qe2 Ne7 3. Nf3 d5 4. d3 Nbc6 5. g3 b6 6. Bg2 Bb7 7. 0-0 Qd7 8. Rd1 g6 9. c3 Bg7 10. e5 Nd8 11. d4 c5 12. dxc5 bxc5 13. Na3 0-0 14. Bg5 Ndc6 15. Bf6 Kh8 16. Qe3 Ng8 17. Bxg7+ Kxg7 18. Qxc5 Rfc8 19. Qe3 Rab8 20. Rd2 Ba6 21. h4 Na5 22. Nd4 Nc6 23. h5 Nxd4 24. Qxd4 Qe7 25. Qf4 Rb6 26. Re1 Rcb8 27. b4 Rc8 28. Re3 Rbc6 29. Qf3 R6c7 30. Nc2 Bc4 31. Nd4 a5 32. a3 axb4 33. cxb4 Ba6 34. hxg6 Rc1+ 35. Kh2 hxg6 36. Bh3 Nh6 37. Rd1 Rxd1 38. Qxd1 Nf5 39. Bxf5 gxf5 40. Kg2 Bc4 41. Nf3 Rh8 42. Nh4 Qg5 43. Qf3 Rxh4 44. b5 Bxb5 45. Re1 Re4 46. Rxe4 fxe4 47. Qb3 Be2 48. Qe3 Bf3+ 49. Kf1 Qxe3 50. fxe3 Bd1 51. Ke1 Ba4 52. Kd2 Kg6 53. Kc3 Kf5 54. Kb4 Bd1 55. Kc5 Kxe5 56. Kb4 d4 57. a4 Bxa4 58. Kxa4 dxe3 59. Kb3 e2 60. Kc2 e1Q 0-1

[Event "Titled Tuesday intern op 11th Jul Late"]
[Site "Chess.com INT"]
[Date "2023.07.11"]
[Round "2"]
[White "Schmakel, Sam A"]
[Black "Zhang, Derek"]
[Result "1-0"]
[WhiteElo "2449"]
[BlackElo "2186"]
[PlyCount "91"]
[EventDate "2023.07.11"]
[EventType "swiss (blitz)"]
[EventRounds "11"]
[EventCountry "USA"]
[SourceTitle "EXT 2024"]
[Source "ChessBase"]
[SourceDate "2023.10.10"]
[SourceVersion "1"]
[SourceVersionDate "2023.10.10"]
[SourceQuality "1"]

1. d4 d6 2. e4 e5 3. Nf3 exd4 4. Nxd4 Nf6 5. Nc3 Be7 6. Bf4 0-0 7. Qd2 c6 8. 0-0-0 b5 9. f3 Qb6 10. g4 b4 11. Nce2 c5 12. Nf5 Bxf5 13. gxf5 Nc6 14. Rg1 Ne5 15. Bxe5 dxe5 16. Qh6 Ne8 17. Qxb6 axb6 18. Kb1 Nf6 19. Ng3 Rfd8 20. Bb5 Rd4 21. c3 bxc3 22. bxc3 Rdd8 23. a4 Kf8 24. Kc2 Ne8 25. Kb3 Bh4 26. Ne2 Nd6 27. Rgf1 Bg5 28. Rd5 Nxb5 29. axb5 Ra5 30. Rxd8+ Bxd8 31. Rd1 Ke7 32. c4 Ra7 33. Nc3 Rd7 34. Nd5+ Kf8 35. Ra1 Rb7 36. Ra8 Ke8 37. Rc8 Kd7 38. Rc6 f6 39. h4 Bc7 40. Nxc7 Rxc7 41. Rxb6 Ra7 42. Ra6 Rxa6 43. bxa6 Kc6 44. Ka4 Kb6 45. a7 Kxa7 46. Kb5 1-0

[Event "Titled Tuesday intern op 11th Jul Late"]
[Site "Chess.com INT"]
[Date "2023.07.11"]
[Round "5"]
[White "Shapiro, Daniel E"]
[Black "Zhang, Derek"]
[Result "0-1"]
[WhiteElo "2284"]
[BlackElo "2186"]
[PlyCount "48"]
[EventDate "2023.07.11"]
[EventType "swiss (blitz)"]
[EventRounds "11"]
[EventCountry "USA"]
[SourceTitle "EXT 2024"]
[Source "ChessBase"]
[SourceDate "2023.10.10"]
[SourceVersion "1"]
[SourceVersionDate "2023.10.10"]
[SourceQuality "1"]

1. d4 d6 2. e4 e5 3. Ne2 exd4 4. Nxd4 Nf6 5. Nc3 Be7 6. Be2 0-0 7. 0-0 Re8 8. f4 Bf8 9. Bf3 c6 10. Kh1 Qc7 11. g4 b5 12. e5 dxe5 13. Ndxb5 Qb6 14. fxe5 Rxe5 15. a4 Bb7 16. Na3 Ba6 17. Re1 Nbd7 18. Bf4 Rxe1+ 19. Qxe1 Re8 20. Qd2 Ne5 21. Bxe5 Rxe5 22. g5 Nd5 23. Nxd5 cxd5 24. Bxd5 Rxd5 0-1

[Event "Titled Tuesday intern op 11th Jul Late"]
[Site "Chess.com INT"]
[Date "2023.07.11"]
[Round "8"]
[White "Zhang, Derek"]
[Black "Mikhailov, Viacheslav"]
[Result "0-1"]
[WhiteElo "2186"]
[BlackElo "2428"]
[PlyCount "66"]
[EventDate "2023.07.11"]
[EventType "swiss (blitz)"]
[EventRounds "11"]
[EventCountry "USA"]
[SourceTitle "EXT 2024"]
[Source "ChessBase"]
[SourceDate "2023.10.10"]
[SourceVersion "1"]
[SourceVersionDate "2023.10.10"]
[SourceQuality "1"]

1. Nf3 c5 2. c4 Nc6 3. e3 g6 4. d4 cxd4 5. exd4 Bg7 6. Nc3 Nf6 7. d5 Nb8 8. Be3 0-0 9. Be2 d6 10. Bd4 Bg4 11. 0-0 Nbd7 12. Rc1 Rc8 13. b3 a6 14. h3 Bxf3 15. Bxf3 Re8 16. Re1 Qa5 17. Be2 Nf8 18. Bf1 Nh5 19. Bxg7 Nxg7 20. Rc2 b5 21. cxb5 axb5 22. Bxb5 Rxc3 23. Bxe8 Rxc2 24. Bxf7+ Kxf7 25. Qf3+ Nf5 26. Rd1 Qc3 27. Qe4 Rxa2 28. g4 Nh4 29. Rd3 Qa1+ 30. Kh2 Rxf2+ 31. Kg3 Rg2+ 32. Kxh4 Qf6+ 33. g5 Qxg5# 0-1

[Event "Titled Tuesday intern op 11th Jul Late"]
[Site "Chess.com INT"]
[Date "2023.07.11"]
[Round "10"]
[White "Zhang, Derek"]
[Black "Schnaider, Ilan"]
[Result "1-0"]
[WhiteElo "2186"]
[BlackElo "2233"]
[PlyCount "111"]
[EventDate "2023.07.11"]
[EventType "swiss (blitz)"]
[EventRounds "11"]
[EventCountry "USA"]
[SourceTitle "EXT 2024"]
[Source "ChessBase"]
[SourceDate "2023.10.10"]
[SourceVersion "1"]
[SourceVersionDate "2023.10.10"]
[SourceQuality "1"]

1. Nf3 Nf6 2. c4 g6 3. Nc3 Bg7 4. e4 e5 5. d4 exd4 6. Nxd4 0-0 7. Be3 Re8 8. Bd3 c6 9. 0-0 d5 10. cxd5 cxd5 11. Bb5 Re7 12. exd5 Nxd5 13. Bg5 Nxc3 14. Bxe7 Qxe7 15. bxc3 a6 16. Bc4 b5 17. Bd5 Ra7 18. Re1 Qd8 19. Qf3 b4 20. Rad1 bxc3 21. Nc6 Nxc6 22. Bxf7+ Rxf7 23. Rxd8+ Nxd8 24. Re8+ Bf8 25. Qxc3 Rd7 26. h4 Kf7 27. Rxf8+ Kxf8 28. Qxc8 Ke7 29. Qc5+ Kf7 30. Qc4+ Ne6 31. Qxa6 Rd1+ 32. Kh2 Rd2 33. Kg3 Ng7 34. Qb7+ Kf6 35. Qb6+ Kf7 36. Qc7+ Kf8 37. Qf4+ Nf5+ 38. Kh2 Rd4 39. Qb8+ Kf7 40. g3 Rd2 41. Kg2 Ne3+ 42. Kf3 Nd1 43. Qb7+ Kg8 44. Qb3+ Kg7 45. Qb7+ Kh6 46. Qa7 Rd3+ 47. Kg2 Rd2 48. a4 Ra2 49. a5 Ra3 50. a6 Nc3 51. Qe3+ Kg7 52. a7 Nb5 53. Qxa3 Nxa3 54. a8Q Nc4 55. Qe4 Nd6 56. Qe5+ 1-0

[Event "Titled Tuesday intern op 11th Jul Late"]
[Site "Chess.com INT"]
[Date "2023.07.11"]
[Round "4"]
[White "Zhang, Derek"]
[Black "Spichkin, Alexander"]
[Result "0-1"]
[WhiteElo "2186"]
[BlackElo "2052"]
[PlyCount "70"]
[EventDate "2023.07.11"]
[EventType "swiss (blitz)"]
[EventRounds "11"]
[EventCountry "USA"]
[SourceTitle "EXT 2024"]
[Source "ChessBase"]
[SourceDate "2023.10.10"]
[SourceVersion "1"]
[SourceVersionDate "2023.10.10"]
[SourceQuality "1"]

1. Nf3 e6 2. c4 f5 3. e3 Nf6 4. Nc3 Bb4 5. Qc2 0-0 6. b3 b6 7. Bb2 Bb7 8. Be2 a5 9. h3 Na6 10. g4 Nc5 11. gxf5 Bxc3 12. Bxc3 Nfe4 13. fxe6 Nxc3 14. Qxc3 Bxf3 15. Rg1 Qf6 16. e7 Qxe7 17. Bxf3 Rxf3 18. 0-0-0 Rxf2 19. Kc2 Raf8 20. h4 R8f7 21. h5 Qe4+ 22. Kb2 Qd3 23. Qe5 Qxb3+ 24. Ka1 Qxc4 25. Qe8+ Rf8 26. Rxg7+ Kxg7 27. Rg1+ Kh8 28. Qe5+ R2f6 29. Qe7 Qf7 30. Qe5 Nd3 31. Qd4 Nf2 32. h6 c5 33. Qc3 Ne4 34. Qc2 Re6 35. Qb2+ Qf6 0-1

[Event "Titled Tuesday intern op 04th Jul Late"]
[Site "Chess.com INT"]
[Date "2023.07.04"]
[Round "4"]
[White "Aldokhin, Ivan"]
[Black "Zhang, Derek"]
[Result "1-0"]
[WhiteElo "2413"]
[BlackElo "2186"]
[PlyCount "63"]
[EventDate "2023.07.04"]
[EventType "swiss (blitz)"]
[EventRounds "11"]
[EventCountry "USA"]
[SourceTitle "EXT 2024"]
[Source "ChessBase"]
[SourceDate "2023.10.10"]
[SourceVersion "1"]
[SourceVersionDate "2023.10.10"]
[SourceQuality "1"]

1. e4 e6 2. d4 d5 3. Nc3 Bb4 4. Nge2 dxe4 5. a3 Bxc3+ 6. Nxc3 Nc6 7. Bb5 Nge7 8. Nxe4 0-0 9. c3 e5 10. 0-0 exd4 11. Qc2 Bf5 12. Rd1 Qd5 13. Bd3 Rad8 14. c4 Qd7 15. Bf4 Bxe4 16. Bxe4 Ng6 17. Bg3 Kh8 18. Bf5 Qe7 19. Re1 Qg5 20. Bxc7 Rde8 21. Bd7 Rxe1+ 22. Rxe1 Nf4 23. Qe4 Ne6 24. Bd6 Rd8 25. Bxe6 fxe6 26. Qxe6 h6 27. c5 d3 28. Qe3 Qg6 29. Rd1 Re8 30. Qg3 Qe4 31. h3 Nd4 32. Qxd3 1-0

[Event "Titled Tuesday intern op 04th Jul Late"]
[Site "Chess.com INT"]
[Date "2023.07.04"]
[Round "7"]
[White "Zhang, Derek"]
[Black "Bullen, Alex"]
[Result "1-0"]
[WhiteElo "2186"]
[BlackElo "2128"]
[PlyCount "97"]
[EventDate "2023.07.04"]
[EventType "swiss (blitz)"]
[EventRounds "11"]
[EventCountry "USA"]
[SourceTitle "EXT 2024"]
[Source "ChessBase"]
[SourceDate "2023.10.10"]
[SourceVersion "1"]
[SourceVersionDate "2023.10.10"]
[SourceQuality "1"]

1. Nf3 d5 2. c4 e6 3. e3 Nf6 4. Nc3 c5 5. cxd5 exd5 6. d4 Nc6 7. Be2 Bd6 8. dxc5 Bxc5 9. 0-0 0-0 10. b3 Be6 11. Bb2 Re8 12. Rc1 Bd6 13. Na4 Rc8 14. Nd4 Nxd4 15. Bxd4 Bb8 16. Nc5 b6 17. Nd3 Ne4 18. f3 Qh4 19. Be5 Bxe5 20. Nxe5 Nc3 21. Qd2 Nxe2+ 22. Qxe2 Qg5 23. Nc6 Bd7 24. f4 Qg6 25. Ne5 Qd6 26. Qd2 Bf5 27. Qd4 Be4 28. Rfd1 Qe6 29. Qa4 f6 30. Nc6 Qg4 31. Rd2 d4 32. exd4 Qxf4 33. Ne7+ Rxe7 34. Rxc8+ Kf7 35. Qc4+ Kg6 36. Rf2 Qe3 37. Qe2 Qg5 38. Qd2 Qg4 39. Rc1 Bf5 40. Re1 Rxe1+ 41. Qxe1 Qxd4 42. h3 Qd5 43. Qd2 Qe4 44. Qe2 Qb1+ 45. Kh2 Qa1 46. Qe3 Qb1 47. Qg3+ Kf7 48. Qf4 Qd3 49. Qxf5 1-0

[Event "Titled Tuesday intern op 04th Jul Late"]
[Site "Chess.com INT"]
[Date "2023.07.04"]
[Round "3"]
[White "Zhang, Derek"]
[Black "Torres Dominguez, David"]
[Result "1-0"]
[WhiteElo "2186"]
[BlackElo "1976"]
[PlyCount "51"]
[EventDate "2023.07.04"]
[EventType "swiss (blitz)"]
[EventRounds "11"]
[EventCountry "USA"]
[SourceTitle "EXT 2024"]
[Source "ChessBase"]
[SourceDate "2023.10.10"]
[SourceVersion "1"]
[SourceVersionDate "2023.10.10"]
[SourceQuality "1"]

1. Nf3 d5 2. c4 d4 3. b4 f6 4. e3 dxe3 5. fxe3 e5 6. Nxe5 fxe5 7. Qh5+ Ke7 8. Qxe5+ Be6 9. c5 Nc6 10. Qg5+ Nf6 11. b5 h6 12. Qf4 g5 13. Qa4 Ne5 14. d4 Ng6 15. Ba3 Bd5 16. Nc3 Kf7 17. e4 Bxe4 18. Nxe4 Nxe4 19. Bc4+ Kg7 20. 0-0 Qxd4+ 21. Kh1 Nf2+ 22. Rxf2 Qxf2 23. Rf1 Qxf1+ 24. Bxf1 Be7 25. Qe4 Rhf8 26. Bd3 1-0

[Event "Titled Tuesday intern op 18th Apr Late"]
[Site "Chess.com INT"]
[Date "2023.04.18"]
[Round "2"]
[White "Zhang, Derek"]
[Black "Grigoriants, Sergey"]
[Result "1/2-1/2"]
[WhiteElo "2186"]
[BlackElo "2557"]
[PlyCount "148"]
[EventDate "2023.04.18"]
[EventType "swiss (blitz)"]
[EventRounds "11"]
[EventCountry "USA"]
[SourceTitle "EXT 2024"]
[Source "ChessBase"]
[SourceDate "2023.10.10"]
[SourceVersion "1"]
[SourceVersionDate "2023.10.10"]
[SourceQuality "1"]

1. Nf3 d5 2. c4 d4 3. b4 Bg4 4. Ne5 Bf5 5. e3 f6 6. Qf3 Bxb1 7. Qxb7 fxe5 8. Qxa8 Bf5 9. Qxa7 Nf6 10. d3 dxe3 11. Bxe3 e6 12. Qa4+ Nbd7 13. Be2 Be7 14. 0-0 0-0 15. Qb3 Qa8 16. a4 Rb8 17. b5 e4 18. d4 e5 19. c5+ Kh8 20. c6 exd4 21. Bxd4 Nc5 22. Qc4 Ne6 23. a5 Nxd4 24. Qxd4 Rd8 25. Qc4 Bd6 26. b6 h6 27. Rfd1 Re8 28. Rxd6 cxd6 29. b7 Qa7 30. a6 e3 31. f3 d5 32. Qc1 d4 33. c7 d3 34. b8Q Rxb8 35. cxb8Q+ Qxb8 36. Qxe3 Qb2 37. Re1 dxe2 38. Qxe2 Qd4+ 39. Kh1 Bd3 40. Qe3 Qxe3 41. Rxe3 Bxa6 42. Re6 Bc4 43. Rd6 Bd5 44. Kg1 Kg8 45. Kf2 Kf7 46. Ra6 Bc4 47. Ra7+ Kg6 48. Kg3 h5 49. Rb7 Bd5 50. Ra7 Kh6 51. Ra6 Kg5 52. Ra5 h4+ 53. Kf2 Kf5 54. Ra4 g5 55. Ra5 Ke6 56. Ra6+ Ke5 57. Ra5 Nh5 58. Ra7 Nf4 59. Re7+ Kf6 60. Ra7 h3 61. gxh3 Nxh3+ 62. Kg3 Nf4 63. Ra6+ Be6 64. Ra5 Nh5+ 65. Kg2 Nf4+ 66. Kg3 Ne2+ 67. Kf2 Nd4 68. Kg3 Nf5+ 69. Kf2 Ne7 70. Kg3 Ng6 71. Ra6 Ke5 72. Ra5+ Kf6 73. Ra6 Ke5 74. Ra5+ Kf6 1/2-1/2

[Event "Titled Tuesday intern op 04th Apr Late"]
[Site "Chess.com INT"]
[Date "2023.04.04"]
[Round "2"]
[White "Zhang, Derek"]
[Black "Szpar, Milosz"]
[Result "1/2-1/2"]
[WhiteElo "2186"]
[BlackElo "2447"]
[PlyCount "152"]
[EventDate "2023.04.04"]
[EventType "swiss (blitz)"]
[EventRounds "11"]
[EventCountry "USA"]
[SourceTitle "EXT 2024"]
[Source "ChessBase"]
[SourceDate "2023.10.10"]
[SourceVersion "1"]
[SourceVersionDate "2023.10.10"]
[SourceQuality "1"]

1. Nf3 d5 2. c4 d4 3. b4 c5 4. e3 Nf6 5. Bb2 Bg4 6. exd4 cxd4 7. Qa4+ Bd7 8. b5 Na6 9. Bxd4 Nc7 10. Qb3 Ne6 11. Be3 g6 12. d4 Rc8 13. Be2 Bg7 14. Nc3 0-0 15. 0-0 Ng4 16. Bd3 Be8 17. Ne2 Nxe3 18. fxe3 b6 19. a4 Bh6 20. Be4 Qc7 21. Rac1 Kh8 22. Rc3 f5 23. Bd5 Ng5 24. Nxg5 Bxg5 25. Nf4 Bd7 26. Kh1 e5 27. Ne6 Bxe6 28. Bxe6 Rce8 29. Bd5 exd4 30. exd4 Re7 31. c5 Rfe8 32. Qd1 bxc5 33. dxc5 Qe5 34. Rd3 Be3 35. c6 Bb6 36. Bf3 Bc7 37. g3 h5 38. Rd7 h4 39. Qd4 Qxd4 40. Rxd4 hxg3 41. hxg3 Bxg3 42. Rd7 g5 43. Kg2 Be5 44. Bd5 Bf4 45. Rf2 Kg7 46. Rc2 Kf6 47. a5 Rh8 48. Rxe7 Kxe7 49. Rc4 Kd6 50. Bf3 Kc7 51. Rd4 Rh7 52. Rd5 g4 53. Be2 Rf7 54. Bd3 Bd2 55. a6 Bf4 56. Bxf5 Bd6 57. Bxg4 Rg7 58. Kf3 Rf7+ 59. Bf5 Rf8 60. Kg4 Rg8+ 61. Kh5 Rb8 62. Kg6 Rg8+ 63. Kf6 Rf8+ 64. Kg5 Rg8+ 65. Bg6 Rb8 66. Rf5 Be7+ 67. Kg4 Rg8 68. Kh5 Rh8+ 69. Kg4 Rg8 70. Rf7 Rxg6+ 71. Kf5 Rg5+ 72. Ke6 Rxb5 73. Rxe7+ Kxc6 74. Rxa7 Kb6 75. Rb7+ Kxa6 76. Rxb5 Kxb5 1/2-1/2

[Event "Titled Tuesday intern op 04th Apr Late"]
[Site "Chess.com INT"]
[Date "2023.04.04"]
[Round "1"]
[White "Zhang, Derek"]
[Black "Vargas, Mauricio"]
[Result "1-0"]
[WhiteElo "2186"]
[BlackElo "2056"]
[PlyCount "45"]
[EventDate "2023.04.04"]
[EventType "swiss (blitz)"]
[EventRounds "11"]
[EventCountry "USA"]
[SourceTitle "EXT 2024"]
[Source "ChessBase"]
[SourceDate "2023.10.10"]
[SourceVersion "1"]
[SourceVersionDate "2023.10.10"]
[SourceQuality "1"]

1. f4 e5 2. fxe5 d6 3. exd6 Bxd6 4. Nf3 Bg4 5. e4 Nf6 6. Nc3 Nc6 7. Bb5 Qd7 8. d4 Bb4 9. 0-0 0-0 10. d5 Qe7 11. dxc6 Qc5+ 12. Qd4 Qe7 13. Kh1 bxc6 14. Bxc6 Rad8 15. Qc4 Be6 16. Qe2 Qc5 17. Bd5 Bg4 18. Bg5 c6 19. Bxf6 gxf6 20. Bb3 Bxc3 21. bxc3 Qxc3 22. Qf2 Kh8 23. Nh4 1-0

[Event "Titled Tuesday intern op 21st Mar Late"]
[Site "Chess.com INT"]
[Date "2023.03.21"]
[Round "2"]
[White "Zhang, Derek"]
[Black "Manukyan, Sargis A"]
[Result "1-0"]
[WhiteElo "2187"]
[BlackElo "2163"]
[PlyCount "129"]
[EventDate "2023.03.21"]
[EventType "swiss (blitz)"]
[EventRounds "11"]
[EventCountry "USA"]
[SourceTitle "EXT 2024"]
[Source "ChessBase"]
[SourceDate "2023.10.10"]
[SourceVersion "1"]
[SourceVersionDate "2023.10.10"]
[SourceQuality "1"]

1. Nf3 d5 2. c4 e6 3. e3 Nf6 4. Nc3 Be7 5. b3 0-0 6. Bb2 c5 7. cxd5 Nxd5 8. Qc2 Nb4 9. Qb1 N8c6 10. a3 Nd5 11. h4 Nxc3 12. dxc3 Bf6 13. c4 Qa5+ 14. Nd2 Bc3 15. Bxc3 Qxc3 16. Qc1 Qxc1+ 17. Rxc1 b6 18. Be2 Bb7 19. Bf3 Rab8 20. Ke2 Rfd8 21. Rhd1 Ne5 22. Bxb7 Rxb7 23. Nf3 Nc6 24. Rxd8+ Nxd8 25. Rd1 Rb8 26. Rd7 Nc6 27. Kd3 Kf8 28. Rc7 Na5 29. Kc3 Rb7 30. Rc8+ Ke7 31. b4 cxb4+ 32. axb4 Kd7 33. Rf8 Ke7 34. Rc8 Kd7 35. Rg8 Ke7 36. bxa5 bxa5 37. Rxg7 a4 38. Rg5 a3 39. Ra5 Rb2 40. Rxa7+ Kf6 41. Nd2 Ra2 42. f4 h5 43. c5 e5 44. c6 Ke6 45. fxe5 Rb2 46. Rxa3 Rb6 47. Nc4 Rxc6 48. Kd4 Kf5 49. e4+ Kg4 50. Rf3 Rc7 51. Nd6 Kxh4 52. Rxf7 Rc2 53. e6 Rd2+ 54. Ke5 Ra2 55. e7 Ra5+ 56. Ke6 Rg5 57. e8Q Rg6+ 58. Rf6 Rg8 59. Rf4+ Rg4 60. Rxg4+ hxg4 61. Nf5+ Kg5 62. Qg8+ Kf4 63. e5 g3 64. Qxg3+ Ke4 65. Qe3# 1-0

[Event "Titled Tuesday intern op 7th Mar Late"]
[Site "Chess.com INT"]
[Date "2023.03.07"]
[Round "1"]
[White "Bortnyk, Olexandr"]
[Black "Zhang, Derek"]
[Result "1-0"]
[WhiteElo "2605"]
[BlackElo "2187"]
[PlyCount "107"]
[EventDate "2023.03.07"]
[EventType "swiss (blitz)"]
[EventRounds "11"]
[EventCountry "USA"]
[SourceTitle "EXT 2024"]
[Source "ChessBase"]
[SourceDate "2023.10.10"]
[SourceVersion "1"]
[SourceVersionDate "2023.10.10"]
[SourceQuality "1"]

1. d4 d6 2. Nc3 e5 3. dxe5 dxe5 4. Qxd8+ Kxd8 5. Bg5+ f6 6. 0-0-0+ Nd7 7. Bh4 c6 8. e3 Kc7 9. f4 Nh6 10. fxe5 Nxe5 11. Nf3 Nxf3 12. gxf3 Nf5 13. Bg3+ Nxg3 14. hxg3 Be6 15. Bh3 Bxh3 16. Rxh3 Bc5 17. e4 h6 18. Rd3 Rad8 19. Ne2 Rhe8 20. Rh5 b6 21. a3 a5 22. Rc3 Bd6 23. Rd3 Be5 24. g4 Rd6 25. f4 Rxd3 26. cxd3 Bd6 27. Kd2 Bc5 28. d4 Bd6 29. Ke3 c5 30. d5 b5 31. Ng1 b4 32. Nf3 c4 33. axb4 axb4 34. e5 Bc5+ 35. Ke4 Kd7 36. Rh1 Rc8 37. Rc1 Bb6 38. e6+ Kd6 39. Nh4 g6 40. Nxg6 c3 41. bxc3 bxc3 42. e7 Kd7 43. d6 c2 44. Nf8+ Kxd6 45. Ng6 Kd7 46. Kd3 Rc6 47. f5 Bc7 48. Rxc2 Rxc2 49. Kxc2 Bd6 50. Kd3 Bxe7 51. Kc4 Kd6 52. Nxe7 Kxe7 53. Kc5 Ke8 54. Kd6 1-0

[Event "Titled Tuesday intern op 14th Feb Late"]
[Site "Chess.com INT"]
[Date "2023.02.14"]
[Round "1"]
[White "Zhang, Derek"]
[Black "Bortnyk, Olexandr"]
[Result "0-1"]
[WhiteElo "2187"]
[BlackElo "2605"]
[PlyCount "56"]
[EventDate "2023.02.14"]
[EventType "swiss (blitz)"]
[EventRounds "11"]
[EventCountry "USA"]
[SourceTitle "CBM 212 Extra"]
[Source "ChessBase"]
[SourceDate "2023.03.31"]
[SourceVersion "1"]
[SourceVersionDate "2023.03.31"]
[SourceQuality "1"]

1. Nf3 Nf6 2. c4 b6 3. Nc3 Bb7 4. e3 e6 5. b3 d5 6. Bb2 a6 7. d4 Bd6 8. Bd3 Nbd7 9. 0-0 0-0 10. Rc1 Qe7 11. Na4 dxc4 12. bxc4 c5 13. Qe2 cxd4 14. exd4 Rac8 15. Rfd1 Bf4 16. Rc2 Rfd8 17. Ne5 Nxe5 18. dxe5 Nd7 19. g3 Bh6 20. f4 g6 21. Rcd2 Qb4 22. Nc3 Nc5 23. Bb1 Rxd2 24. Rxd2 Bf8 25. h4 Na4 26. Be4 Nxc3 27. Bxc3 Qxc3 28. Bxb7 Qxg3+ 0-1